Minecraft Items - A (26.1) - Statistics

General Stats
  • This quiz has been taken 19 times
  • The average score is 19 of 38
Answer Stats
Items % Correct
Acacia Door
77%
Acacia Fence
77%
Acacia Fence Gate
77%
Acacia Log
77%
Acacia Slab
77%
Acacia Trapdoor
77%
Acacia Wood
77%
Acacia Button
69%
Acacia Leaves
69%
Acacia Sapling
69%
Acacia Shelf
69%
Acacia Stairs
69%
Acacia Boat
62%
Acacia Planks
62%
Acacia Boat with Chest
54%
Acacia Hanging Sign
54%
Acacia Pressure Plate
54%
Acacia Sign
54%
Andesite
54%
Andesite Slab
54%
Andesite Stairs
54%
Andesite Wall
54%
Apple
54%
Allium
38%
Amethyst Shard
38%
Anvil
38%
Arrow
38%
Azalea
38%
Amethyst Cluster
31%
Azalea Leaves
31%
Activator Rail
23%
Ancient Debris
23%
Armadillo Scute
23%
Armor Stand
23%
Azure Bluet
15%
Angler Pottery Sherd
0%
Archer Pottery Sherd
0%
Arms Up Pottery Sherd
0%
No matching quizzes found
Score Distribution
Percent of People with Each Score
Percentile by Number Answered
Your Score History
You have not taken this quiz